| 000 | 00711nam a2200265Ia 4500 | ||
|---|---|---|---|
| 008 | 170203s9999 xx 000 0 und d | ||
| 020 | _a0-871916673 | ||
| 050 | _aFic | ||
| 050 | _bC834m | ||
| 100 | _aCosgrove, Stephen. | ||
| 245 | 4 | _aThe muffin muncher / | |
| 245 | _cwritten by Stephen Cosgrove ; illustrated by Robin James. | ||
| 260 | _aMankato, Minn. : | ||
| 260 | _bCreative Education, | ||
| 260 | _c1974 | ||
| 300 | _a32 pages : | ||
| 300 | _bcolor illustrations ; | ||
| 300 | _c23 cm | ||
| 500 | _a"A Serendipity book"--Title page verso. | ||
| 650 | _aChildren's stories, American. | ||
| 650 | _aDragons -- | ||
| 650 | _aDragons. | ||
| 650 | _aFantasy. | ||
| 650 | _xFiction. | ||
| 999 |
_c306370 _d306370 |
||